000 00748nam a2200301Ia 4500
008 160803s9999 xx 000 0 und d
020 _a 978-0142415580
100 _aLupica, Mike
245 _aMillion-dollar throw /
245 _cMike Lupica.
260 _aNew York :
260 _bScholastic Inc.
260 _c2010
300 _a244 pages;
300 _c20 cm
500 _aOriginally published: New York : Philomel Books, c2009.
650 _aBlind --
650 _aContests --
650 _aFootball --
650 _aFriendship --
650 _aPeople with disabilities --
650 _xFiction.
650 _xFiction.
650 _xFiction.
650 _xFiction.
650 _xFiction.
700 _a960
999 _c298305
_d298305